Théorie mathématique des dislocations

Uloženo v:
Podrobná bibliografie
Hlavní autor: Zorawski, M (Autor)
Médium: Kniha
Jazyk:francouzština
Vydáno: París Dunod 1967
Edice:Travaux et Recherches Mathématiques, 16
Témata:
Tagy: Přidat tag
Žádné tagy, Buďte první, kdo vytvoří štítek k tomuto záznamu!

MARC

LEADER 00000nam a2200000 a 4500
001 UCQ9152
003 CL-VaPUC
008 981230e19670000FR |||||||||||||||||fre|d
082 0 4 |a 516.36  |b ZOR  |2 21 
100 0 |a Zorawski, M  |e author  |9 423581 
245 1 0 |a Théorie mathématique des dislocations 
300 |a 146 p 
942 |c BK 
945 |d 19981230 00:00:00  |a crobeson 
260 |a París  |b Dunod  |c 1967 
650 0 |a Geometría diferencial   |9 315147 
583 |a last modification  |c 19981230 00:00:00  |k Rodrigo Vera 
490 0 |a Travaux et Recherches Mathématiques, 16 
999 |c 278245  |d 278243 
952 |0 0  |1 0  |4 0  |6 516_360000000000000_ZOR_1967  |7 0  |8 A  |9 316698  |a BIBMAT  |b BIBMAT  |d 2019-11-20  |i 1312545  |o 516.36 ZOR 1967  |p 1312545  |r 2025-01-07  |w 2019-11-20  |y BK  |k MAT